<?xml version="1.0" encoding="UTF-8"?>
<record
    xmlns:xsi="http://www.w3.org/2001/XMLSchema-instance"
    xsi:schemaLocation="http://www.loc.gov/MARC21/slim http://www.loc.gov/standards/marcxml/schema/MARC21slim.xsd"
    xmlns="http://www.loc.gov/MARC21/slim">

  <leader>01683nam a22002657a 4500</leader>
  <datafield tag="999" ind1=" " ind2=" ">
    <subfield code="c">21975</subfield>
    <subfield code="d">21975</subfield>
  </datafield>
  <controlfield tag="003">AR-CdUCM</controlfield>
  <controlfield tag="008">190425b           ||||| |||| 00| 0 spa d</controlfield>
  <datafield tag="040" ind1=" " ind2=" ">
    <subfield code="a">MUNICIPALIDAD PROVINCIAL DEL CUSCO</subfield>
    <subfield code="c">BIBLIOTECA MUNICIPAL DEL CUSCO</subfield>
  </datafield>
  <datafield tag="082" ind1=" " ind2=" ">
    <subfield code="a">Rev.Geo/N&#xB0;1/1976</subfield>
  </datafield>
  <datafield tag="110" ind1=" " ind2=" ">
    <subfield code="a">Universidad Nacional de San Antonio Abad del Cusco</subfield>
    <subfield code="9">15942</subfield>
  </datafield>
  <datafield tag="245" ind1=" " ind2=" ">
    <subfield code="a">Revista del Departamento Acad&#xE9;mico de Geograf&#xED;a /</subfield>
    <subfield code="c">Departamento Acad&#xE9;mico de Geograf&#xED;a</subfield>
  </datafield>
  <datafield tag="260" ind1=" " ind2=" ">
    <subfield code="a">Cusco :</subfield>
    <subfield code="b">Departamento Acad&#xE9;mico de Geograf&#xED;a,</subfield>
    <subfield code="c">1976.</subfield>
  </datafield>
  <datafield tag="300" ind1=" " ind2=" ">
    <subfield code="a"> 69 p&#xE1;ginas. :</subfield>
    <subfield code="b">ilustraciones ;</subfield>
    <subfield code="c">29 cm.</subfield>
  </datafield>
  <datafield tag="440" ind1=" " ind2=" ">
    <subfield code="a">Revista  del Departamento Acad&#xE9;mico de Geograf&#xED;a.</subfield>
    <subfield code="n">N&#xFA;mero 1, a&#xF1;o 1976</subfield>
    <subfield code="9">47032</subfield>
  </datafield>
  <datafield tag="505" ind1=" " ind2=" ">
    <subfield code="a">Contenido: Las fotograf&#xED;as orbitales del Per&#xFA; en la interpretaci&#xF3;n de caracteres geogr&#xE1;ficos y recursos mineros. Carlos Kalafatovich. -- El dominio de la tierra en el Per&#xFA;. Jos&#xE9; Azpilcueta. -- Nota bibliogr&#xE1;fica geolog&#xED;a planetaria. Carlos Kalafatovich Valle. -- Localidades fosil&#xED;feras en el valle del Cusco. Eduardo Gil Mora. -- Deslizamiento de Ucchullo Chico. Jos&#xE9; Ram&#xED;rez Pareja. -- Los lagos y su formaci&#xF3;n. Julio Arias Garz&#xF3;n. -- Nuevas carreras t&#xE9;cnicas en la universidad. Jos&#xE9; Ram&#xED;rez Pareja. -- Aspectos sobre el origen de los suelos en el valle del Cusco. Nimio Trist&#xE1;n Elorrieta. -- El cielo y los fen&#xF3;menos de la atmosfera del Cusco. Luis Olazo Olivera.</subfield>
  </datafield>
  <datafield tag="650" ind1=" " ind2=" ">
    <subfield code="a">Geolog&#xED;a del Cusco</subfield>
    <subfield code="9">47033</subfield>
  </datafield>
  <datafield tag="650" ind1=" " ind2=" ">
    <subfield code="a">Recursos mineros</subfield>
    <subfield code="9">47034</subfield>
  </datafield>
  <datafield tag="650" ind1=" " ind2=" ">
    <subfield code="a">F&#xF3;siles</subfield>
    <subfield code="9">23321</subfield>
  </datafield>
  <datafield tag="650" ind1=" " ind2=" ">
    <subfield code="a">Hidrolog&#xED;a</subfield>
    <subfield code="9">6390</subfield>
  </datafield>
  <datafield tag="700" ind1=" " ind2=" ">
    <subfield code="a">Kalafatovich Valle, Carlos</subfield>
    <subfield code="9">46062</subfield>
  </datafield>
  <datafield tag="700" ind1=" " ind2=" ">
    <subfield code="a">Ram&#xED;rez Pareja, Jos&#xE9;</subfield>
    <subfield code="9">47035</subfield>
  </datafield>
  <datafield tag="700" ind1=" " ind2=" ">
    <subfield code="a">Gil Mora, Eduardo</subfield>
    <subfield code="9">46972</subfield>
  </datafield>
  <datafield tag="942" ind1=" " ind2=" ">
    <subfield code="2">ddc</subfield>
    <subfield code="c">PP</subfield>
  </datafield>
  <datafield tag="945" ind1=" " ind2=" ">
    <subfield code="a">vhl</subfield>
  </datafield>
  <datafield tag="952" ind1=" " ind2=" ">
    <subfield code="0">0</subfield>
    <subfield code="2">ddc</subfield>
    <subfield code="4">0</subfield>
    <subfield code="7">0</subfield>
    <subfield code="a">HEM</subfield>
    <subfield code="b">HEM</subfield>
    <subfield code="c">CART</subfield>
    <subfield code="d">2022-01-31</subfield>
    <subfield code="g">5.00</subfield>
    <subfield code="o">Rev.Geo/N&#xB0;1/1976</subfield>
    <subfield code="p">REVC000477</subfield>
    <subfield code="r">2022-01-31</subfield>
    <subfield code="y">PP</subfield>
  </datafield>
</record>
